000 00757nam a22002417a 4500
003 UA-OsUOA
001 110990
007 ta
008 20150422b un ||||| |||| 00| 0 ukr d
100 _aЛозинський А.
090 _a341.123(100=161.2)
_bЛ72
942 _cBK
040 _aUA-OsUOA
_bukr
_cUA-OsUOA
_dUA-OsUOA
245 _aСвітовий конгрес Українців та ООН: заради справедливості
300 _a220 с.
955 _a2
041 _aukr
080 _a341.123(100=161.2)
020 _a978-966-518-636-6
260 _aК.
_bВидавничий дім "Києво-Могилянська академія"
_c2013
650 7 _a341 Міжнародне право
_2UDC
999 _c397238
_d397238